|
|
|
|
| LEADER |
01164nam a2200361 4500 |
| 001 |
DLU120132437 |
| 005 |
##20120301 |
| 040 |
# |
# |
|a DLU
|b vie
|
| 041 |
# |
# |
|a vie
|
| 044 |
# |
# |
|a vn
|
| 082 |
# |
# |
|a 641.4
|b CH-T
|
| 100 |
# |
# |
|a Chu Thị Thơm.
|
| 245 |
# |
# |
|a Hướng dẫn bảo quản và chế biến nông sản /
|c Chu Thị Thơm, Phan Thị Lài, Nguyễn Văn Tó.
|
| 260 |
# |
# |
|a H. :
|b Lao động,
|c 2006.
|
| 300 |
# |
# |
|a 139 tr. ;
|c 19 cm.
|
| 490 |
# |
# |
|a Tủ sách khuyến nông phục vụ người lao động.
|
| 504 |
# |
# |
|a Tài liệu tham khảo: tr.134.
|
| 505 |
# |
# |
|a Ý nghĩa của vấn đề bảo quản nông sản -- Bảo quản nông sản -- Kỹ thuật bảo quản một số loại nông sản -- Chế biến các sản phẩm cây hoa màu và rau quả.
|
| 650 |
# |
# |
|a Chế biến nông sản.
|
| 650 |
# |
# |
|a Nông sản.
|
| 700 |
# |
# |
|a Nguyễn Văn Tó.
|
| 700 |
# |
# |
|a Phan Thị Lài.
|
| 923 |
# |
# |
|a 18/2011
|
| 991 |
# |
# |
|a GT
|
| 992 |
# |
# |
|a 14000
|
| 994 |
# |
# |
|a DLU
|
| 900 |
# |
# |
|a True
|
| 911 |
# |
# |
|a Nguyễn Thanh Hương
|
| 925 |
# |
# |
|a G
|
| 926 |
# |
# |
|a A
|
| 927 |
# |
# |
|a SH
|
| 980 |
# |
# |
|a Thư viện Trường Đại học Đà Lạt
|